000 00539nam a2200193Ia 4500
005 20260603113403.0
008 260603s9999 xx 000 0 und d
020 _a9780194421591 (paperback)
082 _a482.0017
_bMOR-T
100 _aMorgana, valentina.
245 0 _aTask-Based Language Learning and Teaching in the Digital Age
260 _aNew York
_bBloomsbury Academic
_c2003
300 _a190p.
650 _a English Language
650 _aEnglish
650 _aEnglish Literature
650 _aLinguistics
942 _cBK
999 _c47638
_d47638